Autism Awareness Month #6 - Top 10 States by Autism Rates - Statistics

General Stats
  • This quiz has been taken 9 times
  • The average score is 8 of 10
Answer Stats
# per 100k Answer % Correct
1005 California
100%
1000 New York
100%
1025 Massachusetts
75%
990 Minnesota
75%
1011 New Jersey
75%
1313 Pennsylvania
75%
1007 Utah
75%
996 Alaska
63%
989 Colorado
63%
1012 Connecticut
63%
No matching quizzes found
Score Distribution
Percent of People with Each Score
Percentile by Number Answered
Your Score History
You have not taken this quiz